20 Films avec Sylvester Stallone (Mort subite) - Statistiques

Statistiques générales
  • Ce quiz a été pris 595 fois
    572 depuis la dernière actualisation
  • Le résultat moyen est 11 sur 20
Answers on the Grid
Answers color-coded by a green-red scale on the quiz's grid according to % correct below.
Rambo
Les Faucons de la Nuit
Match Retour
A nous la Victoire
Over the Top : Le Bras de Fer
Haute Sécurité
L'Étalon Italien
Arrête ou ma mère va tirer !
Cliffhanger : Traque au Sommet
L'Expert
Judge Dredd
Daylight
Copland
Flight
Driven
Le Plus Beau des Combats
Expendables : Unité spéciale
Evasion
Piège de Cristal
Tango et Cash
Les évadés
La Ligne Verte
Forrest Gump
Pulp Fiction
Cobra
American History X
V pour Vendetta
Indiana Jones et le Temple Maudit
Les Ailes de l'Enfer
Vanilla Sky
Terminator
Rocky
Demolition Man
Rock
Identity
La Couse au Jouet
Terminator
Commando
Alien
Speed
 
Statistiques - réponses
Réponse % Correct
Rocky
89%
Rambo
83%
Expendables : Unité spéciale
71%
Over the Top : Le Bras de Fer
62%
Cliffhanger : Traque au Sommet
61%
Cobra
59%
Demolition Man
58%
Tango et Cash
57%
Haute Sécurité
55%
Arrête ou ma mère va tirer !
54%
Evasion
54%
L'Étalon Italien
54%
Copland
52%
Judge Dredd
51%
Daylight
45%
L'Expert
42%
A nous la Victoire
38%
Driven
36%
Match Retour
36%
Les Faucons de la Nuit
31%
Aucun quiz correspondant
Distribution des résultats
% des personnes avec chaque résultat
Percentile par nombre de réponses
Votre historique - résultats
Vous n’avez pas pris ce quiz depuis la dernière actualisation